Вып. 16; Автоматика и приборостроение

Bibliographic Details
Parent link:Автоматика и приборостроение: [сборник]/ Харьковский политехнический институт (ХПИ). Вып. 16.— , 1974-1991
Other Authors: Воронов В. Г. (редактор)
Language:Russian
Published: 1990
Subjects:
Format: Book
KOHA link:https://koha.lib.tpu.ru/cgi-bin/koha/opac-detail.pl?biblionumber=207174

MARC

LEADER 00000nam2a2200000 4500
001 207174
005 20231101225359.0
035 |a (RuTPU)RU\TPU\book\225952 
090 |a 207174 
100 |a 20120123d1990 k y0rusy50 ca 
101 0 |a rus 
102 |a UA 
105 |a a z 001zy 
200 0 |a Вып. 16  |f отв. ред. В. Г. Воронов 
210 |d 1990 
215 |a 93 с.  |c ил. 
320 |a Библиография в конце статей 
461 1 |0 (RuTPU)RU\TPU\book\142493  |t Автоматика и приборостроение  |o [сборник]  |f Харьковский политехнический институт (ХПИ)  |v Вып. 16  |d 1974-1991  |s Вестник Харьковского политехнического института ; № 278 
606 1 |a Автоматика  |2 stltpush  |3 (RuTPU)RU\TPU\subj\749  |9 29560 
606 1 |a Приборостроение  |2 stltpush  |3 (RuTPU)RU\TPU\subj\71978  |9 85626 
610 1 |a электронные устройства 
610 1 |a применение 
675 |a 681.51  |v 3 
675 |a 681.2  |v 3 
702 1 |a Воронов  |b В. Г.  |4 340 
801 1 |a RU  |b 63413507  |c 20120123 
801 2 |a RU  |b 63413507  |c 20170803  |g RCR 
942 |c BK